Statistiques concernant Culture Générale - Série 456

Cliquez ici pour prendre le quiz!

Statistiques générales

  • Ce quiz a été pris 153 fois
  • Le résultat moyen est 6 sur 10

Statistiques - réponses

QuestionRéponse% Correct
Quel reporter mène l'une de ses investigations en Syldavie ?Tintin
81%
Quel Jean-Paul a écrit "Le Diable et le Bon Dieu" et "La Putain respectueuse" ?Jean‐Paul Sartre
78%
A quelle comédienne, issue du Splendid, doit‐on "Un grand cri d'amour" et "Nuit d'ivresse" ?Josiane Balasko
76%
Pour quel auteur, prénommé Eugène, la cantatrice est‐elle chauve ?Eugène Ionesco
75%
Selon Platon, quelle île fabuleuse aurait été engloutie dans l'Atlantique à la suite d'un cataclysme ?L'Atlantide
73%
Quel est le prénom du frère, dramaturge, de Camille Claudel ?Paul
67%
Pour quelle chanteuse, dont le nom évoque un oiseau, Jean Cocteau a‐t‐il écrit "Le Bel Indifférent" ?Edith Piaf
58%
Quelle jeune fille anglaise suit Peter Pan au Pays imaginaire ?Wendy
51%
Dans quel sketch de Coluche de 1975 faut‐il découvrir un oeuf ?Le Schmilblick
41%
Dans "Les Bronzés font du ski", quel personnage affirme que Marilyn Monroe était chauve "comme un oeuf" ?Marius
9%

Distribution des résultats

Percentile par nombre de réponses

% des personnes avec chaque résultat

Votre développement - résultats

Vous n’avez pas pris ce quiz